[Event "20. Open Villa de Benidorm"]
[Site "Benidorm ESP"]
[Date "2007.04.23"]
[Round "2.12"]
[White "Montero Fernandez, Oscar"]
[Black "Movsziszian, Karen"]
[Result "0-1"]
[WhiteElo "2140"]
[BlackElo "2494"]
[PlyCount "97"]
[EventDate "2007.04.22"]
[EventType "swiss"]
[EventRounds "9"]
[EventCountry "ESP"]
[Source "lmi"]
[SourceDate "2007.04.22"]

1. e4 d6 2. d4 g6 3. Nf3 Bg7 4. Bc4 Nf6 5. Qe2 O-O 6. O-O Bg4 7. Nbd2 Nc6 8. c3
e5 9. h3 Bxf3 10. Nxf3 exd4 11. cxd4 d5 12. exd5 Nxd5 13. Bg5 Qd6 14. Rad1 Na5
15. Bxd5 Qxd5 16. Rfe1 Nc6 17. Qe3 a5 18. a3 a4 19. Bh6 Rfd8 20. Qf4 Rd6 21.
Bxg7 Kxg7 22. Ne5 Rad8 23. Nxc6 Rxc6 24. Re5 Qb3 25. Rde1 Qxb2 26. Rh5 gxh5 27.
Qg5+ Rg6 28. Qxd8 Rf6 29. Re8 Qxf2+ 30. Kh2 Qf4+ 31. Kh1 Qd6 32. Rg8+ Kh6 33.
Qxd6 Rxd6 34. Rc8 Rd7 35. g3 Kg6 36. Kg2 c6 37. Rb8 f6 38. Kf2 Rxd4 39. Rxb7
Rd2+ 40. Kg1 Rd3 41. Rb6 Rxg3+ 42. Kh2 Rxa3 43. Rxc6 Ra1 44. Re6 a3 45. Re3 a2
46. Ra3 f5 47. Kg3 Rg1+ 48. Kh4 a1=Q 49. Ra6+ 0-1

[Event "20. Open Villa de Benidorm"]
[Site "Benidorm ESP"]
[Date "2007.04.23"]
[Round "2.14"]
[White "Garcia Gata, Jorge D"]
[Black "Radulski, Julian"]
[Result "0-1"]
[WhiteElo "2134"]
[BlackElo "2485"]
[PlyCount "50"]
[EventDate "2007.04.22"]
[EventType "swiss"]
[EventRounds "9"]
[EventCountry "ESP"]
[Source "lmi"]
[SourceDate "2007.04.22"]

1. d4 Nf6 2. Nf3 e6 3. Bg5 h6 4. Bh4 c5 5. e3 b6 6. Bd3 Bb7 7. Nbd2 Be7 8. c3
Nc6 9. Qe2 O-O 10. O-O-O Rc8 11. Kb1 cxd4 12. Bxf6 Bxf6 13. exd4 b5 14. g4 b4
15. g5 Bxg5 16. Nxg5 Qxg5 17. Rhg1 Qe7 18. Qh5 f5 19. Qxh6 bxc3 20. Nf3 Rf6 21.
Qh5 Qb4 22. b3 Qa3 23. Rxg7+ Kxg7 24. Rg1+ Kf8 25. Kc2 Nxd4+ 0-1

[Event "20. Open Villa de Benidorm"]
[Site "Benidorm ESP"]
[Date "2007.04.23"]
[Round "2.15"]
[White "Pogorelov, Ruslan"]
[Black "Mataix Arbona, Cesar"]
[Result "1-0"]
[WhiteElo "2462"]
[BlackElo "2072"]
[PlyCount "108"]
[EventDate "2007.04.22"]
[EventType "swiss"]
[EventRounds "9"]
[EventCountry "ESP"]
[Source "lmi"]
[SourceDate "2007.04.22"]

1. Nf3 Nf6 2. c4 g6 3. Nc3 Bg7 4. e4 c5 5. d4 cxd4 6. Nxd4 d6 7. Be2 O-O 8. O-O
Nc6 9. Be3 Bd7 10. Qd2 Ng4 11. Bxg4 Bxg4 12. Rac1 Re8 13. f3 Bd7 14. Rfd1 Qa5
15. Nxc6 Bxc6 16. Nd5 Qd8 17. b4 b6 18. Bd4 Rc8 19. Bxg7 Kxg7 20. Qd4+ f6 21.
Ne3 Qc7 22. Rc3 Bd7 23. Rdc1 Be6 24. a4 Qc6 25. b5 Qc5 26. Qxc5 Rxc5 27. Kf2 a5
28. Ke2 h5 29. Kd3 Kf7 30. Re1 Rec8 31. Rc2 R8c7 32. Nd5 Bxd5 33. exd5 Kf8 34.
g4 hxg4 35. fxg4 Kf7 36. h4 Rc8 37. Rce2 R5c7 38. Re4 Rh8 39. Rh1 Rcc8 40. h5
gxh5 41. gxh5 Rh6 42. Ke3 Rg8 43. Kf3 Rg5 44. Rhe1 Rf5+ 45. Kg4 Rg5+ 46. Kf4
Re5 47. Rxe5 dxe5+ 48. Kg4 Kg7 49. Rh1 Kg8 50. c5 bxc5 51. Rc1 f5+ 52. Kxf5
Rxh5+ 53. Ke6 Rh4 54. Rb1 Rh3 1-0

[Event "20. Open Villa de Benidorm"]
[Site "Benidorm ESP"]
[Date "2007.04.23"]
[Round "2.16"]
[White "Sanchez Barbado, Carlos"]
[Black "Barria, Daniel"]
[Result "1-0"]
[WhiteElo "2131"]
[BlackElo "2451"]
[PlyCount "65"]
[EventDate "2007.04.22"]
[EventType "swiss"]
[EventRounds "9"]
[EventCountry "ESP"]
[Source "lmi"]
[SourceDate "2007.04.22"]

1. e4 c5 2. Nc3 Nc6 3. g3 g6 4. Bg2 Bg7 5. d3 Rb8 6. Be3 d6 7. Nf3 Nf6 8. Qc1
O-O 9. Bh6 Nd4 10. Bxg7 Kxg7 11. Nxd4 cxd4 12. Ne2 e5 13. c3 dxc3 14. Nxc3 b5
15. O-O b4 16. Ne2 a5 17. Qd2 Ba6 18. Rfd1 Qb6 19. Bh3 d5 20. exd5 Rbd8 21. Bg2
Nxd5 22. a3 Nf6 23. Qc2 Rd6 24. axb4 axb4 25. Nc1 Rfd8 26. Qe2 e4 27. Bxe4 Re8
28. Qf3 Nxe4 29. dxe4 Rxd1+ 30. Qxd1 Rxe4 31. Nb3 Bb7 32. Qc2 Qe6 33. Qd2 1-0

[Event "20. Open Villa de Benidorm"]
[Site "Benidorm ESP"]
[Date "2007.04.23"]
[Round "2.18"]
[White "Swinkels, Robin"]
[Black "Cabrera Crespo, Miguel"]
[Result "1-0"]
[WhiteElo "2422"]
[BlackElo "2025"]
[PlyCount "40"]
[EventDate "2007.04.22"]
[EventType "swiss"]
[EventRounds "9"]
[EventCountry "ESP"]
[Source "lmi"]
[SourceDate "2007.04.22"]

1. e4 c5 2. Nf3 d6 3. d4 cxd4 4. Nxd4 Nc6 5. c4 Nf6 6. Nc3 a6 7. Be2 e6 8. Be3
Be7 9. O-O O-O 10. Rc1 Bd7 11. Qd2 Nxd4 12. Qxd4 Bc6 13. Rfd1 Qa5 14. f3 Rfd8
15. Qd2 Rac8 16. a3 d5 17. Nxd5 Nxd5 18. Qxa5 Nxe3 19. Rxd8+ Rxd8 20. Kf2 e5
1-0

[Event "20. Open Villa de Benidorm"]
[Site "Benidorm ESP"]
[Date "2007.04.23"]
[Round "2.20"]
[White "Saldaño, Horacio"]
[Black "Esquerdo Nogueroles, Gaspar"]
[Result "1-0"]
[WhiteElo "2422"]
[BlackElo "1985"]
[PlyCount "55"]
[EventDate "2007.04.22"]
[EventType "swiss"]
[EventRounds "9"]
[EventCountry "ESP"]
[Source "lmi"]
[SourceDate "2007.04.22"]

1. c4 Nf6 2. Nc3 d5 3. cxd5 Nxd5 4. g3 c6 5. Bg2 e5 6. Nxd5 cxd5 7. Qb3 e4 8.
Nh3 b6 9. Nf4 Bb7 10. O-O Na6 11. d3 Nc5 12. Qb5+ Qd7 13. Qxd7+ Nxd7 14. dxe4
dxe4 15. Rd1 Bc5 16. Nd5 O-O-O 17. Bf4 Bxd5 18. Rxd5 Nf6 19. Rg5 g6 20. Rc1 Kb7
21. Rgxc5 bxc5 22. Be5 Nd7 23. Bxe4+ Kb6 24. Bxh8 Rxh8 25. Rc3 f5 26. Rb3+ Kc7
27. Rb7+ Kc8 28. Bf3 1-0

[Event "20. Open Villa de Benidorm"]
[Site "Benidorm ESP"]
[Date "2007.04.24"]
[Round "3.1"]
[White "Barlov, Dragan"]
[Black "Gagunashvili, Merab"]
[Result "1/2-1/2"]
[WhiteElo "2439"]
[BlackElo "2625"]
[PlyCount "69"]
[EventDate "2007.04.22"]
[EventType "swiss"]
[EventRounds "9"]
[EventCountry "ESP"]
[Source "lmi"]
[SourceDate "2007.04.22"]

1. Nf3 d6 2. d4 Bg4 3. e4 Nf6 4. Nc3 g6 5. h3 Bxf3 6. Qxf3 Nc6 7. Bb5 Nd7 8.
Be3 Bg7 9. O-O-O a6 10. Bxc6 bxc6 11. h4 h5 12. g4 e6 13. Bg5 Bf6 14. Bxf6 Qxf6
15. Qxf6 Nxf6 16. g5 Ng8 17. Ne2 Ne7 18. Ng3 Rf8 19. f4 f5 20. e5 Kd7 21. Rd3
Rfb8 22. Ne2 Rb6 23. Rhh3 Rab8 24. Rb3 a5 25. Rxb6 cxb6 26. c4 b5 27. exd6 Kxd6
28. c5+ Kd7 29. Kd2 Rd8 30. Rf3 Ke8 31. Ke3 Nd5+ 32. Kf2 Ne7 33. Rd3 Nd5 34.
Kg3 Ra8 35. Ng1 1/2-1/2

[Event "20. Open Villa de Benidorm"]
[Site "Benidorm ESP"]
[Date "2007.04.24"]
[Round "3.2"]
[White "Lopez Martinez, Josep Manuel"]
[Black "Swinkels, Robin"]
[Result "1/2-1/2"]
[WhiteElo "2563"]
[BlackElo "2422"]
[PlyCount "81"]
[EventDate "2007.04.22"]
[EventType "swiss"]
[EventRounds "9"]
[EventCountry "ESP"]
[Source "lmi"]
[SourceDate "2007.04.22"]

1. e4 c5 2. Nf3 d6 3. d4 cxd4 4. Nxd4 Nf6 5. Nc3 Nc6 6. Bg5 e6 7. Qd2 a6 8.
O-O-O Bd7 9. f3 Be7 10. h4 h6 11. Be3 h5 12. Nxc6 Bxc6 13. Bg5 Qc7 14. Bd3 b5
15. Kb1 Rd8 16. Qe1 Bb7 17. Ne2 e5 18. Nc3 b4 19. Ne2 a5 20. Ng3 g6 21. Qe2 Nd7
22. Nf1 Nc5 23. Bxe7 Kxe7 24. Ne3 Ne6 25. Bc4 Nd4 26. Qd2 Qc5 27. Rc1 Rb8 28.
c3 bxc3 29. Rxc3 Qb4 30. Rhc1 Rhc8 31. Ka1 Kf8 32. Bd5 Kg7 33. Bxb7 Qxb7 34.
Nd5 Rxc3 35. Rxc3 Qb5 36. Ne3 Qb4 37. Kb1 a4 38. Rd3 Qb5 39. Rc3 Qb4 40. Kc1
Qb5 41. Kb1 1/2-1/2

[Event "20. Open Villa de Benidorm"]
[Site "Benidorm ESP"]
[Date "2007.04.24"]
[Round "3.3"]
[White "Chatalbashev, Boris"]
[Black "Bellon Lopez, Juan Manuel"]
[Result "1/2-1/2"]
[WhiteElo "2546"]
[BlackElo "2425"]
[PlyCount "125"]
[EventDate "2007.04.22"]
[EventType "swiss"]
[EventRounds "9"]
[EventCountry "ESP"]
[Source "lmi"]
[SourceDate "2007.04.22"]

1. d4 d5 2. c4 c6 3. Nf3 Nf6 4. e3 Bg4 5. cxd5 cxd5 6. Qb3 Bc8 7. Nc3 e6 8. Bd3
Nc6 9. O-O Be7 10. Bd2 O-O 11. Rfc1 Qd6 12. a3 Bd7 13. Qd1 e5 14. Nb5 Qb8 15.
Nxe5 Nxe5 16. dxe5 Qxe5 17. f4 Qh5 18. Qxh5 Nxh5 19. Nc7 Rad8 20. Nxd5 Bh4 21.
Ba5 b6 22. Be1 Bxe1 23. Rxe1 Be6 24. Ne7+ Kh8 25. Bb5 Bd7 26. a4 Bxb5 27. axb5
Rd2 28. b4 Re8 29. Rxa7 h6 30. Kf1 Nf6 31. Re2 Rd1+ 32. Re1 Rd2 33. Re2 Rd1+
34. Kf2 Ne4+ 35. Kf3 Nc3 36. Rc2 Rf1+ 37. Kg4 Nd1 38. Nf5 g6 39. Nd6 Nxe3+ 40.
Kg3 Nxc2 41. Nxe8 Nd4 42. Rxf7 Kg8 43. Rf6 Nf5+ 44. Kg4 Ne3+ 45. Kg3 Nf5+ 46.
Kg4 Ne3+ 47. Kh3 Nd5 48. Rxg6+ Kf7 49. Rd6 Nxf4+ 50. Kg4 Kxe8 51. Rf6 Nxg2 52.
Rxb6 Rb1 53. Kg3 Ne1 54. Rxh6 Rb3+ 55. Kf2 Nd3+ 56. Ke3 Nxb4+ 57. Kd4 Kd7 58.
Kc5 Nd3+ 59. Kc4 Rb4+ 60. Kxd3 Rxb5 61. Rf6 Ke7 62. Rf2 Ke6 63. Kd4 1/2-1/2

[Event "20. Open Villa de Benidorm"]
[Site "Benidorm ESP"]
[Date "2007.04.24"]
[Round "3.4"]
[White "Vassallo, Mauricio"]
[Black "Khamrakulov, Ibragim S"]
[Result "0-1"]
[WhiteElo "2392"]
[BlackElo "2545"]
[PlyCount "80"]
[EventDate "2007.04.22"]
[EventType "swiss"]
[EventRounds "9"]
[EventCountry "ESP"]
[Source "lmi"]
[SourceDate "2007.04.22"]

1. d4 Nf6 2. Nf3 e6 3. g3 b5 4. Bg2 Bb7 5. O-O c5 6. c3 Be7 7. a4 b4 8. cxb4
cxb4 9. Bf4 O-O 10. Nbd2 Nd5 11. Nb3 Nxf4 12. gxf4 Qc7 13. e3 Bd5 14. Nfd2 Bxg2
15. Kxg2 Nc6 16. Qf3 d5 17. Rfc1 Qd7 18. Nc5 Bxc5 19. Rxc5 Ne7 20. Qd1 f6 21.
Nf3 Rac8 22. Rac1 Rxc5 23. Rxc5 e5 24. dxe5 Qg4+ 25. Kh1 fxe5 26. Rxd5 Nxd5 27.
Qxd5+ Kh8 28. Nxe5 Qf5 29. h4 h6 30. Kg2 Kh7 31. Kg3 Rf6 32. Qf3 Qb1 33. Kh2
Rd6 34. Nf7 Re6 35. Ne5 Ra6 36. b3 Rd6 37. Nf7 Rf6 38. Ne5 Qc2 39. Kg3 Rd6 40.
Nf7 Qg6+ 0-1

[Event "20. Open Villa de Benidorm"]
[Site "Benidorm ESP"]
[Date "2007.04.24"]
[Round "3.6"]
[White "Movsziszian, Karen"]
[Black "Huerga Leache, Mikel"]
[Result "1-0"]
[WhiteElo "2494"]
[BlackElo "2344"]
[PlyCount "77"]
[EventDate "2007.04.22"]
[EventType "swiss"]
[EventRounds "9"]
[EventCountry "ESP"]
[Source "lmi"]
[SourceDate "2007.04.22"]

1. Nf3 Nf6 2. g3 g6 3. Bg2 Bg7 4. O-O O-O 5. d4 d5 6. c4 c6 7. Qb3 a5 8. Nc3
dxc4 9. Qxc4 b5 10. Qd3 b4 11. Na4 Bf5 12. Qd1 Ra7 13. Bf4 Nd5 14. Be5 Nb6 15.
Bxg7 Kxg7 16. Nc5 N6d7 17. Rc1 Nxc5 18. Rxc5 Be4 19. Ne5 Bxg2 20. Kxg2 f6 21.
Nf3 Rd7 22. Qa4 Ra7 23. Rfc1 h5 24. e3 e6 25. h4 Rff7 26. Nd2 Rfd7 27. Nb3 Rd5
28. e4 Rdd7 29. R5c2 Kf7 30. a3 Qb6 31. Rc5 bxa3 32. bxa3 Ra6 33. Rb1 Qd8 34.
Rc4 Rb7 35. Rbc1 Raa7 36. Nc5 Rb2 37. R4c2 Rb5 38. Nxe6 Kxe6 39. d5+ 1-0

[Event "20. Open Villa de Benidorm"]
[Site "Benidorm ESP"]
[Date "2007.04.24"]
[Round "3.7"]
[White "Clement Gomez, Jose A"]
[Black "Strikovic, Aleksa"]
[Result "1-0"]
[WhiteElo "2357"]
[BlackElo "2563"]
[PlyCount "56"]
[EventDate "2007.04.22"]
[EventType "swiss"]
[EventRounds "9"]
[EventCountry "ESP"]
[Source "lmi"]
[SourceDate "2007.04.22"]

1. c4 e5 2. Nc3 Nf6 3. Nf3 Nc6 4. g3 d5 5. cxd5 Nxd5 6. Bg2 Nb6 7. O-O Be7 8.
Rb1 O-O 9. b4 f6 10. d4 exd4 11. Nb5 Be6 12. a3 d3 13. exd3 Nd5 14. Bb2 Qd7 15.
Nbd4 Nxd4 16. Nxd4 Bf7 17. Qf3 g6 18. Rfe1 Rfe8 19. Re4 c6 20. g4 Nc7 21. Qg3
Bd5 22. Re3 Bd6 23. Qh4 Rxe3 24. fxe3 Be5 25. Bf1 Re8 26. Rd1 Nb5 27. a4 Nxd4
28. exd4 Bxd4+ 1-0

[Event "20. Open Villa de Benidorm"]
[Site "Benidorm ESP"]
[Date "2007.04.24"]
[Round "3.9"]
[White "Algaba Traspuesto, Jose Antonio"]
[Black "Megias Ortiz, Vicente Manuel"]
[Result "0-1"]
[WhiteElo "1822"]
[BlackElo "2144"]
[PlyCount "46"]
[EventDate "2007.04.22"]
[EventType "swiss"]
[EventRounds "9"]
[EventCountry "ESP"]
[Source "lmi"]
[SourceDate "2007.04.22"]

1. Nf3 d5 2. d4 Nf6 3. Bf4 c6 4. e3 Bg4 5. c4 e6 6. Qb3 Qb6 7. c5 Qxb3 8. axb3
Bxf3 9. gxf3 Nbd7 10. Nc3 a6 11. b4 Rc8 12. Rg1 Nh5 13. Bg3 g6 14. e4 f5 15.
Bd6 Bh6 16. Bd3 Kf7 17. Ne2 Ndf6 18. Nc3 Bf4 19. Bxf4 Nxf4 20. Kd2 dxe4 21.
fxe4 Rcd8 22. Ke3 Nh3 23. Rg3 f4+ 0-1

[Event "20. Open Villa de Benidorm"]
[Site "Benidorm ESP"]
[Date "2007.04.25"]
[Round "4.1"]
[White "Khamrakulov, Ibragim S"]
[Black "Movsziszian, Karen"]
[Result "0-1"]
[WhiteElo "2545"]
[BlackElo "2494"]
[PlyCount "50"]
[EventDate "2007.04.22"]
[EventType "swiss"]
[EventRounds "9"]
[EventCountry "ESP"]
[Source "lmi"]
[SourceDate "2007.04.22"]

1. e4 c5 2. c3 g6 3. d4 cxd4 4. cxd4 d5 5. Nc3 dxe4 6. Bc4 Nc6 7. Be3 Nf6 8.
Qb3 e6 9. d5 exd5 10. Nxd5 Nxd5 11. Bxd5 Bb4+ 12. Kf1 Qe7 13. a3 Bd6 14. Bh6
Bd7 15. Qxb7 Rb8 16. Qa6 Nd4 17. a4 Nf5 18. Re1 Nxh6 19. Rxe4 Be6 20. Qc6+ Kf8
21. Qc3 Rg8 22. Bxe6 fxe6 23. Nf3 Nf7 24. g3 e5 25. h4 Qb7 0-1

[Event "20. Open Villa de Benidorm"]
[Site "Benidorm ESP"]
[Date "2007.04.25"]
[Round "4.2"]
[White "Narciso Dublan, Marc"]
[Black "Pogorelov, Ruslan"]
[Result "1/2-1/2"]
[WhiteElo "2539"]
[BlackElo "2462"]
[PlyCount "44"]
[EventDate "2007.04.22"]
[EventType "swiss"]
[EventRounds "9"]
[EventCountry "ESP"]
[Source "lmi"]
[SourceDate "2007.04.22"]

1. e4 c5 2. c3 d5 3. exd5 Qxd5 4. d4 e6 5. Na3 cxd4 6. Nb5 Na6 7. Qxd4 Qxd4 8.
Nxd4 Bc5 9. Nb3 Bd6 10. Nf3 Ne7 11. Nfd2 Bc7 12. Be2 Bd7 13. O-O O-O-O 14. Ne4
h6 15. Be3 Bc6 16. Nec5 Nxc5 17. Bxc5 Nd5 18. g3 b6 19. Nd4 Bb7 20. Ba3 a6 21.
Rfd1 Rd7 22. Nc2 Rhd8 1/2-1/2

[Event "20. Open Villa de Benidorm"]
[Site "Benidorm ESP"]
[Date "2007.04.25"]
[Round "4.3"]
[White "Llanes Hurtado, Miguel"]
[Black "Suba, Mihai"]
[Result "1/2-1/2"]
[WhiteElo "2441"]
[BlackElo "2537"]
[PlyCount "147"]
[EventDate "2007.04.22"]
[EventType "swiss"]
[EventRounds "9"]
[EventCountry "ESP"]
[Source "lmi"]
[SourceDate "2007.04.22"]

1. d4 Nf6 2. c4 e6 3. g3 c5 4. d5 d6 5. Nc3 exd5 6. cxd5 g6 7. Bg2 Bg7 8. Nf3
O-O 9. O-O Na6 10. Nd2 Nc7 11. Nc4 Nfe8 12. Bf4 g5 13. Be3 f5 14. Qd2 h6 15. f4
g4 16. a4 b6 17. Bf2 Ba6 18. b3 Nf6 19. Rae1 b5 20. axb5 Nxb5 21. Nxb5 Bxb5 22.
e4 fxe4 23. Bxe4 Qd7 24. Bc2 Rfe8 25. f5 Rxe1 26. Rxe1 Bxc4 27. bxc4 a5 28. Be3
Re8 29. Qxa5 Qb7 30. Bf4 Qb2 31. Rxe8+ Nxe8 32. Qd2 h5 33. Qe2 Be5 34. f6 Qa1+
35. Kg2 Nxf6 36. Bh6 Qb2 37. Qd3 Kf7 38. Qf5 Ke7 39. Bg5 Kd8 40. h3 Kc7 41. Qd3
gxh3+ 42. Kxh3 Qa1 43. Kg2 Bd4 44. Qd1 Qc3 45. Bxf6 Bxf6 46. Qd3 Qe1 47. Bd1 h4
48. gxh4 Qxh4 49. Ba4 Be5 50. Bb5 Bd4 51. Qf5 Kb6 52. Qf3 Qg5+ 53. Kh3 Be5 54.
Qg4 Qh6+ 55. Kg2 Qd2+ 56. Kf1 Bd4 57. Qf3 Qb2 58. Qe2 Qc1+ 59. Kg2 Ka5 60. Kf3
Kb4 61. Kg2 Kc3 62. Qf3+ Be3 63. Qf6+ Kd3 64. Qxd6 Ke2 65. Qf6 Qg1+ 66. Kh3 Bf2
67. Qe5+ Kf1 68. Qa1+ Be1 69. Qf6+ Bf2 70. Qf3 Qg6 71. Qd1+ Be1 72. Qf3+ Bf2
73. Qd1+ Be1 74. Qd2 1/2-1/2

[Event "20. Open Villa de Benidorm"]
[Site "Benidorm ESP"]
[Date "2007.04.25"]
[Round "4.4"]
[White "Saric, Ante"]
[Black "Barria, Daniel"]
[Result "1/2-1/2"]
[WhiteElo "2496"]
[BlackElo "2451"]
[PlyCount "57"]
[EventDate "2007.04.22"]
[EventType "swiss"]
[EventRounds "9"]
[EventCountry "ESP"]
[Source "lmi"]
[SourceDate "2007.04.22"]

1. d4 Nf6 2. c4 e6 3. Nf3 b6 4. Nc3 Bb7 5. Bg5 h6 6. Bh4 Be7 7. Qc2 d5 8. cxd5
Nxd5 9. Nxd5 Bxd5 10. Bxe7 Qxe7 11. e4 Bb7 12. Bd3 O-O 13. O-O c5 14. dxc5 Rc8
15. b4 bxc5 16. Rfc1 Nc6 17. Qxc5 Qxc5 18. bxc5 Nb4 19. Be2 Bxe4 20. Rc4 Bxf3
21. Bxf3 Rab8 22. c6 Kf8 23. g3 Nd5 24. Rd1 Rb6 25. Bxd5 exd5 26. Ra4 Rcxc6 27.
Rxa7 Ra6 28. Rxa6 Rxa6 29. Rxd5 1/2-1/2

[Event "20. Open Villa de Benidorm"]
[Site "Benidorm ESP"]
[Date "2007.04.25"]
[Round "4.5"]
[White "Kovacevic, Slobodan"]
[Black "Gagunashvili, Merab"]
[Result "0-1"]
[WhiteElo "2325"]
[BlackElo "2625"]
[PlyCount "84"]
[EventDate "2007.04.22"]
[EventType "swiss"]
[EventRounds "9"]
[EventCountry "ESP"]
[Source "lmi"]
[SourceDate "2007.04.22"]

1. d4 c5 2. e3 Nf6 3. Nf3 g6 4. c3 b6 5. Nbd2 Bb7 6. Bd3 d5 7. Qe2 Nc6 8. O-O
Bg7 9. dxc5 bxc5 10. e4 d4 11. cxd4 cxd4 12. a3 O-O 13. b4 Nd7 14. Nc4 Nb6 15.
Nxb6 Qxb6 16. e5 f6 17. exf6 exf6 18. Re1 Ne5 19. Nxe5 fxe5 20. f3 Rae8 21. Be4
d3+ 22. Qf2 Bxe4 23. Rxe4 Rc8 24. Be3 Qa6 25. Bc5 Rfd8 26. Qa2+ Kh8 27. Rd1 Qa4
28. Rd2 Rd7 29. Qb2 Qb5 30. Qc3 Rd5 31. h3 Bh6 32. Rd1 d2 33. Qc2 Rdxc5 34.
bxc5 Rxc5 35. Qa2 Rc1 36. Kh2 Rxd1 37. Qf7 Rh1+ 38. Kxh1 d1=Q+ 39. Kh2 Qdd7 40.
Kg1 Bg7 41. a4 Qe6 42. Qg8+ Kxg8 0-1

[Event "20. Open Villa de Benidorm"]
[Site "Benidorm ESP"]
[Date "2007.04.25"]
[Round "4.6"]
[White "Bellon Lopez, Juan Manuel"]
[Black "Lopez Martinez, Josep Manuel"]
[Result "1/2-1/2"]
[WhiteElo "2425"]
[BlackElo "2563"]
[PlyCount "145"]
[EventDate "2007.04.22"]
[EventType "swiss"]
[EventRounds "9"]
[EventCountry "ESP"]
[Source "lmi"]
[SourceDate "2007.04.22"]

1. d4 e6 2. Nf3 d5 3. c4 Nf6 4. Nc3 c5 5. e3 a6 6. a3 dxc4 7. Bxc4 b5 8. Ba2
Bb7 9. O-O Be7 10. dxc5 Qxd1 11. Rxd1 Bxc5 12. b4 Be7 13. Bb2 Nbd7 14. Ne2 O-O
15. Rac1 Rfc8 16. Rxc8+ Rxc8 17. Rc1 Rxc1+ 18. Nxc1 Nb6 19. Nd3 Nfd7 20. Kf1
Kf8 21. Ke2 Bd6 22. g3 h5 23. Nd2 Be7 24. e4 Na4 25. Bd4 e5 26. Ba1 Bg5 27. f4
exf4 28. gxf4 Be7 29. Nf3 Nf6 30. Nf2 Ne8 31. Bd4 Nd6 32. Ne5 Ke8 33. Bb3 Bh4
34. Ned3 g5 35. Be5 Nc4 36. Bxc4 bxc4 37. Nc5 Nxc5 38. bxc5 g4 39. Nd1 g3 40.
hxg3 Bxg3 41. Kf3 Be1 42. f5 Kd7 43. Ke2 Bh4 44. Ke3 Kc6 45. Kd4 Be7 46. Kxc4
Bxc5 47. a4 h4 48. Bd4 Bxd4 49. Kxd4 h3 50. Nf2 h2 51. Ke3 Kc5 52. a5 Kc4 53.
f6 Kc5 54. Kf4 Kd4 55. Kg3 Bxe4 56. Kxh2 Bf5 57. Kg3 Ke5 58. Nd1 Kxf6 59. Kf4
Ke6 60. Ne3 Bd3 61. Ng4 Be2 62. Ne5 f6 63. Nc6 Bd3 64. Ke3 Bb5 65. Nd4+ Kd5 66.
Nf5 Kc4 67. Ng7 Kb4 68. Nh5 f5 69. Ng3 Bd7 70. Nxf5 Kxa5 71. Kd2 Bxf5 72. Kc3
Bd3 73. Kb2 1/2-1/2

[Event "20. Open Villa de Benidorm"]
[Site "Benidorm ESP"]
[Date "2007.04.25"]
[Round "4.7"]
[White "Strikovic, Aleksa"]
[Black "Valmaña Canto, Jaime"]
[Result "1-0"]
[WhiteElo "2563"]
[BlackElo "2338"]
[PlyCount "75"]
[EventDate "2007.04.22"]
[EventType "swiss"]
[EventRounds "9"]
[EventCountry "ESP"]
[Source "lmi"]
[SourceDate "2007.04.22"]

1. c4 Nf6 2. Nc3 e5 3. Nf3 Nc6 4. a3 d5 5. cxd5 Nxd5 6. Qc2 a6 7. e3 Be7 8. b4
Nxc3 9. dxc3 Be6 10. e4 O-O 11. Bb2 Qe8 12. Be2 f5 13. c4 Qg6 14. O-O fxe4 15.
Nxe5 Nxe5 16. Bxe5 Bf6 17. Bxf6 Bh3 18. Bg5 Qxg5 19. Qxe4 Rae8 20. f4 Qxg2+ 21.
Qxg2 Bxg2 22. Rf2 Bc6 23. b5 axb5 24. cxb5 Bd5 25. a4 Rf6 26. a5 Rg6+ 27. Kf1
Rge6 28. a6 bxa6 29. bxa6 Rxe2 30. Rxe2 Bc4 31. a7 Bxe2+ 32. Kf2 Ba6 33. Rxa6
Ra8 34. Ke3 Kf7 35. Kd4 Ke7 36. Kc5 Kd7 37. f5 c6 38. Kb6 1-0

[Event "20. Open Villa de Benidorm"]
[Site "Benidorm ESP"]
[Date "2007.04.25"]
[Round "4.8"]
[White "Swinkels, Robin"]
[Black "Chatalbashev, Boris"]
[Result "0-1"]
[WhiteElo "2422"]
[BlackElo "2546"]
[PlyCount "91"]
[EventDate "2007.04.22"]
[EventType "swiss"]
[EventRounds "9"]
[EventCountry "ESP"]
[Source "lmi"]
[SourceDate "2007.04.22"]

1. e4 c5 2. Nf3 d6 3. d4 cxd4 4. Nxd4 Nf6 5. Nc3 g6 6. Be3 Bg7 7. f3 a6 8. Qd2
Nbd7 9. O-O-O b5 10. g4 Bb7 11. g5 Nh5 12. Nce2 Ne5 13. Ng3 Nxg3 14. hxg3 Rc8
15. Be2 d5 16. f4 Nc4 17. Bxc4 dxc4 18. Qb4 Qc7 19. Rhe1 O-O 20. e5 c3 21. Qxc3
Qxc3 22. bxc3 Rxc3 23. Kb2 Rfc8 24. Rd3 R3c4 25. Re2 e6 26. Nb3 Be4 27. Rdd2
Bf8 28. Bd4 Bd5 29. Rd3 a5 30. c3 a4 31. Nd2 a3+ 32. Kb1 R4c6 33. Ree3 b4 34.
Nb3 Bc4 35. Rd2 bxc3 36. Rxc3 Bb4 37. Rcc2 Bd3 38. Rxd3 Rxc2 39. Rd1 Rg2 40.
Rd3 Kg7 41. Rf3 Rcc2 42. g4 Rxa2 43. Nc1 Rad2 44. Bc3 a2+ 45. Nxa2 Rxa2 46. f5
0-1

[Event "20. Open Villa de Benidorm"]
[Site "Benidorm ESP"]
[Date "2007.04.25"]
[Round "4.9"]
[White "Salgado Allaria, Carlos"]
[Black "Jankovic, Alojzije"]
[Result "0-1"]
[WhiteElo "2361"]
[BlackElo "2541"]
[PlyCount "94"]
[EventDate "2007.04.22"]
[EventType "swiss"]
[EventRounds "9"]
[EventCountry "ESP"]
[Source "lmi"]
[SourceDate "2007.04.22"]

1. e4 c5 2. c3 Nf6 3. e5 Nd5 4. d4 cxd4 5. Nf3 Nc6 6. cxd4 d6 7. Bc4 e6 8. O-O
Be7 9. Qe2 O-O 10. Rd1 Bd7 11. Nc3 Nxc3 12. bxc3 dxe5 13. dxe5 Qc7 14. Qe4 g6
15. Be3 Na5 16. Be2 Bc6 17. Qf4 Bxf3 18. Bxf3 Rac8 19. Bd4 b6 20. Qe4 Rfd8 21.
h4 Nc4 22. h5 Nb2 23. Rd2 Na4 24. hxg6 hxg6 25. Rd3 Qc4 26. Re3 Bg5 27. Be2 Qd5
28. f4 Qxe4 29. Rxe4 Be7 30. Rc1 Rxd4 31. Rxd4 Bc5 32. Rcd1 Nxc3 33. Kf1 Bxd4
34. Rxd4 Nxe2 35. Kxe2 Rc2+ 36. Kf3 Rxa2 37. Rd8+ Kg7 38. g4 Ra3+ 39. Ke4 b5
40. Rb8 Ra4+ 41. Kf3 a6 42. Rb7 g5 43. f5 exf5 44. gxf5 Rf4+ 45. Kg3 Rxf5 46.
e6 Rf6 47. e7 Re6 0-1

[Event "20. Open Villa de Benidorm"]
[Site "Benidorm ESP"]
[Date "2007.04.25"]
[Round "4.10"]
[White "Sanchez Barbado, Carlos"]
[Black "Radulski, Julian"]
[Result "0-1"]
[WhiteElo "2131"]
[BlackElo "2485"]
[PlyCount "74"]
[EventDate "2007.04.22"]
[EventType "swiss"]
[EventRounds "9"]
[EventCountry "ESP"]
[Source "lmi"]
[SourceDate "2007.04.22"]

1. e4 c5 2. Nc3 Nc6 3. g3 g6 4. Bg2 Bg7 5. d3 d6 6. f4 e6 7. Nf3 Nge7 8. O-O
O-O 9. Ne2 f5 10. h3 b6 11. g4 Qd7 12. Ng3 Bb7 13. c3 Kh8 14. Be3 Rae8 15. Qd2
d5 16. Rae1 fxe4 17. dxe4 Ba6 18. Ne2 Rd8 19. Rd1 Qc8 20. e5 d4 21. cxd4 Nd5
22. Rf2 Ncb4 23. Nc1 Nxe3 24. Qxe3 Nd5 25. Qe1 Nxf4 26. Bf1 Bb7 27. Qc3 Qc6 28.
Ne2 Bh6 29. Nxf4 Bxf4 30. Bg2 cxd4 31. Nxd4 Qxc3 32. bxc3 Be3 33. Bxb7 Rxf2 34.
Rd3 Bxd4 35. cxd4 Rxa2 36. d5 exd5 37. e6 Re2 0-1